00382 a2200145 4500001000700000020001800007040002200025041001600047082002600063100001800089245007700107260003100184300000800215362001300223134961 a85-02-03558-4 cLeonardo Da Vinci aPortuguês a658.4038 A5930bA5930 aANGELONI, M.T aOrganizações do conhecimentobinfra-estrutura, pessoas e tecnologias bSaraivac2005aSão Paulo a215 a20050000